00905cam a22002531 4500001001300000003000400013005001700017008004100034010001700075035002000092040004100112050003100153082001200184100002400196245006100220260007000281300003700351490006400388500009600452504003200548650002100580651003300601999001700634sd 45000077 DLC20260227112735.0941013s1945 nyu b f000 0 eng c asd 45000077  a(OCoLC)31275547 aU.S. Dept. of State. Libr.cIENdDLC00aD410b.F65 vol. 21, no. 16 a943.0861 aHadsel, Winifred N.10aAllied military rule in Germany,cby Winifred N. Hadsel. aNew York, N.Y.,bForeign Policy Association, Incorporatedc[1945] a1 p. l., 223-231, [1] p.c27 cm.0 aForeign policy reports,vvol. XXI, no. 16. November 1, 1945 a"Allies at odds on Germany's peacetime needs, by O.K.D. Ringwood and W.N. Hadsel": p. [232] aBibliographical foot-notes. 0aControl council. 0aGermanyxHistoryy1945-1955. c89959d89959